Music Quiz

Random Music or Missing Word Quiz
Score 0/33 Timer 05:00
5 Plays Today
% Correct
Vida
94%
Bell
93.3%
Sweet
91.4%
Georgia
89.2%
Lights
88.8%
Johnny
87.8%
Hungry
85.2%
High
84.6%
Hold
84.2%
Bad
84.1%
New
83.9%
Stronger
82.6%
Dance
82.3%
Devil
82.3%
Uptown
81.4%
People
80.4%
Mack
80.4%
% Correct
Town
80.3%
Lovers
79.1%
Disco
78.8%
Room
78.6%
Smile
78.4%
Weekend
77.3%
Slow
74.5%
Number
73.2%
Shack
72.3%
Electric
71.4%
Bop
70%
Heaven
69.9%
Floor
63.6%
Blue
59.7%
Gimme
54.4%
Twist
49.9%
Remove Ads.
Support Sporcle.
Get the best of Sporcle when you Go Orange. This ad-free experience offers more features, more stats, and more fun while also helping to support Sporcle. Thank you for becoming a member.

You're not logged in!

Compare scores with friends on all Sporcle quizzes.
OR
Log In

Sporcle TV

Today on Sporcle TV


Watch our educational content, quiz creation guides, and fun videos on Sporcle TV.

Show Comments

Extras

Top Quizzes Today


Score Distribution

Paid Content

Your Account Isn't Verified!

In order to create a playlist on Sporcle, you need to verify the email address you used during registration. Go to your Sporcle Settings to finish the process.

Report this User

Report this user for behavior that violates our Community Guidelines.

Details: